MARC details
| 000 -LEADER |
| fixed length control field |
01772cam a2200409 i 4500 |
| 005 - DATE AND TIME OF LATEST TRANSACTION |
| control field |
20240105090254.0 |
| 020 ## - INTERNATIONAL STANDARD BOOK NUMBER |
| International Standard Book Number |
9780394800790 |
| 040 ## - CATALOGING SOURCE |
| Original cataloging agency |
FTaL |
| Language of cataloging |
eng |
| Transcribing agency |
DLC |
| Modifying agency |
FTL |
| -- |
BAKER |
| -- |
BTCTA |
| -- |
YDXCP |
| -- |
XY4 |
| -- |
CUS |
| -- |
U9S |
| -- |
LF8 |
| -- |
OCLCQ |
| -- |
NSB |
| -- |
MNW |
| -- |
BDX |
| -- |
NSB |
| -- |
UOI |
| -- |
TXBXL |
| -- |
OCLCQ |
| -- |
OCLCF |
| -- |
OCLCA |
| -- |
OCLCQ |
| -- |
T7F |
| -- |
UAH |
| -- |
OCLCO |
| -- |
CZL |
| -- |
CGB |
| -- |
OCLCQ |
| -- |
IAD |
| -- |
OCL |
| -- |
OCLCQ |
| -- |
OCLCO |
| -- |
ALRCP |
| -- |
OCLCQ |
| -- |
QQ3 |
| -- |
TXJAS |
| -- |
CKI |
| -- |
OCLCO |
| -- |
CPO |
| -- |
LENOT |
| -- |
OCLCO |
| -- |
XFF |
| -- |
IHV |
| -- |
LMJ |
| -- |
TL4 |
| -- |
OCLCA |
| -- |
JX9 |
| -- |
NJT |
| -- |
OCLCO |
| -- |
DLC |
| -- |
FISKH |
| Description conventions |
rda |
| 050 00 - LIBRARY OF CONGRESS CALL NUMBER |
| Classification number |
PZ8.3.G276 |
| Item number |
Hq 1985 |
| 082 04 - DEWEY DECIMAL CLASSIFICATION NUMBER |
| Classification number |
[E] |
| Edition number |
20 |
| 100 1# - MAIN ENTRY--PERSONAL NAME |
| Personal name |
Geisel, Theodor Seuss |
| Titles and words associated with a name |
Dr. |
| Dates associated with a name |
1904--1991 |
| 245 10 - TITLE STATEMENT |
| Title |
How the Grinch stole Christmas / |
| Statement of responsibility, etc. |
by Dr. Seuss. |
| 260 ## - PUBLICATION, DISTRIBUTION, ETC. |
| Place of publication, distribution, etc. |
New York : |
| Name of publisher, distributor, etc. |
Random House, |
| Date of publication, distribution, etc. |
[1957] |
| 300 ## - PHYSICAL DESCRIPTION |
| Extent |
60 unnumbered pages : |
| Other physical details |
color illustrations ; |
| Dimensions |
29 cm. |
| 505 ## - FORMATTED CONTENTS NOTE |
| Formatted contents note |
K |
| 520 ## - SUMMARY, ETC. |
| Summary, etc. |
The Grinch tries to stop Christmas from arriving by stealing all the presents and food from the village, but much to his surprise it comes anyway. |
| 521 8# - TARGET AUDIENCE NOTE |
| Target audience note |
590<br/> |
| Source |
Lexile |
| 521 8# - TARGET AUDIENCE NOTE |
| Target audience note |
K <br/> |
| Source |
Raz-Plus |
| 650 #0 - SUBJECT ADDED ENTRY--TOPICAL TERM |
| Topical term or geographic name entry element |
Grinch (Fictitious character) |
| Form subdivision |
Juvenile fiction. |
| 650 #0 - SUBJECT ADDED ENTRY--TOPICAL TERM |
| Topical term or geographic name entry element |
Christmas stories. |
| 650 #1 - SUBJECT ADDED ENTRY--TOPICAL TERM |
| Topical term or geographic name entry element |
Christmas |
| Form subdivision |
Fiction. |
| 650 #1 - SUBJECT ADDED ENTRY--TOPICAL TERM |
| Topical term or geographic name entry element |
Stories in rhyme. |
| 650 #6 - SUBJECT ADDED ENTRY--TOPICAL TERM |
| Topical term or geographic name entry element |
Noël |
| Form subdivision |
Ouvrages illustrés. |
| 650 #6 - SUBJECT ADDED ENTRY--TOPICAL TERM |
| Topical term or geographic name entry element |
Noël |
| Form subdivision |
Contes. |
| 650 #6 - SUBJECT ADDED ENTRY--TOPICAL TERM |
| Topical term or geographic name entry element |
Histoires rimées |
| Form subdivision |
Ouvrages illustrés. |
| 650 #7 - SUBJECT ADDED ENTRY--TOPICAL TERM |
| Topical term or geographic name entry element |
Christmas stories. |
| Source of heading or term |
fast |
| Authority record control number or standard number |
(OCoLC)fst00859866 |
| 650 #7 - SUBJECT ADDED ENTRY--TOPICAL TERM |
| Topical term or geographic name entry element |
Grinch (Fictitious character) |
| Source of heading or term |
fast |
| Authority record control number or standard number |
(OCoLC)fst00947949 |
| 655 #4 - INDEX TERM--GENRE/FORM |
| Genre/form data or focus term |
Christmas fiction. |
| 655 #4 - INDEX TERM--GENRE/FORM |
| Genre/form data or focus term |
Picture books for children. |
| 655 #4 - INDEX TERM--GENRE/FORM |
| Genre/form data or focus term |
Stories in rhyme. |
| 655 #7 - INDEX TERM--GENRE/FORM |
| Genre/form data or focus term |
Stories in rhyme. |
| Source of term |
fast |
| Authority record control number or standard number |
(OCoLC)fst01921738 |
| 655 #7 - INDEX TERM--GENRE/FORM |
| Genre/form data or focus term |
Fiction. |
| Source of term |
fast |
| Authority record control number or standard number |
(OCoLC)fst01423787 |
| 655 #7 - INDEX TERM--GENRE/FORM |
| Genre/form data or focus term |
Juvenile works. |
| Source of term |
fast |
| Authority record control number or standard number |
(OCoLC)fst01411637 |
| 655 #7 - INDEX TERM--GENRE/FORM |
| Genre/form data or focus term |
Fantasy fiction. |
| Source of term |
lcgft |
| 942 ## - ADDED ENTRY ELEMENTS (KOHA) |
| Source of classification or shelving scheme |
Dewey Decimal Classification |
| Koha item type |
Books |
| Suppress in OPAC |
No |
| 999 ## - |
| -- |
1901 |
| -- |
1901 |